| 000 | 00000nam##2200000za#4500 |
| 001 | 9.696814 |
| 003 | CaOODSP |
| 005 | 20240219183347 |
| 007 | cr ||||||||||| |
| 008 | 150407|2005||||xxc|||||o f|0| 0 eng|d |
| 040 | |aCaOODSP|beng |
| 043 | |an-cn--- |
| 086 | 1 |aD69-10/2005E-PDF |
| 110 | 2 |aDefence R&D Canada. |
| 245 | 10|aTechnology acquisition projects : |h[electronic resource]|bstrengthening operational capacity 2002-2005 |
| 260 | |aOttawa - Ontario : |bDefence Research and Development Canada |c[2005]. |
| 300 | |a53p.|bfigs., graphs |
| 590 | |a12-41-Supp|b2012-11-07 |
| 690 | 07|aMilitary technology|2gcpds |
| 690 | 07|aTerrorism|2gcpds |
| 775 | 08|tProjets d'acquisition des technologies : |w(CaOODSP)9.640917 |
| 856 | 40|ahttp://publications.gc.ca|qPDF|s3.18 MB|uhttps://publications.gc.ca/collections/collection_2012/rddc-drdc/D69-10-2005-eng.pdf |
| 986 | |aADM(PA) DMCS CS05-0281-A |